000 00892nam a2200217Ii 4500
003 JO-AjNU
008 230605s9999||||xx |||||||||||||| ||und||
020 _a9960-664-24-4
040 _aJO-AjNU
_bara
_erda
_cJO-AjNU
041 _aara
050 1 4 _aLC4601.R8734 2000
100 3 _aالروسان،فاروق إعداد وتطوير/الخطيب،فريد إعداد وتطوير,
_eauthor
_922776
245 0 0 _aدليل مقياس مهارات التهيئة المهنية للمعاقين عقليا
250 _aط1
264 3 1 _aالرياض:دار الزهراء،2000
300 _a73ص
336 _atext
_btxt
_2rdacontent
337 _aunmediated
_bn
_2rdamedia
338 _avolume
_bnc
_2rdacarrier
650 4 _a ضعاف العقول-رعاية و علاج-أدلة. ضعاف العقول-تعليم-أدلة. التربية الخاصة-الأردن-أدلة.
_922777
999 _aA8137
_c11705
_d11705